000 00322nam a22001457a 4500
008 230626b ||||| |||| 00| 0 eng d
020 _a9780815129509
041 _aeng
080 _a610.73
082 _a610.73DUN
100 _a7
101 _aINF
245 _aPRIMARY CARE CONSULTANT
_cDUNN .A .SH
942 _2udc
_cBK
999 _c60045
_d60045